Innovative Reward Systems for the changing workplace (Record no. 2996)

MARC details
000 -LEADER
fixed length control field 00430nam a22001697a 4500
005 - DATE AND TIME OF LATEST TRANSACTION
control field 20180813100507.0
008 - FIXED-LENGTH DATA ELEMENTS--GENERAL INFORMATION
fixed length control field 160617b xxu||||| |||| 00| 0 eng d
020 ## - INTERNATIONAL STANDARD BOOK NUMBER
ISBN 0-07-059843-6
041 ## - LANGUAGE CODE
Language code of text/sound track or separate title eng
082 ## - DEWEY DECIMAL CLASSIFICATION NUMBER
Item number 8027
Classification number 658.3124
100 ## - MAIN ENTRY--AUTHOR NAME
Personal name Wilson, Thomas B
245 ## - TITLE STATEMENT
Title Innovative Reward Systems for the changing workplace
260 ## - PUBLICATION, DISTRIBUTION, ETC. (IMPRINT)
Name of publisher TMH
Place of publication delhi
Year of publication 2004
300 ## - PHYSICAL DESCRIPTION
Number of Pages 359p,
650 ## - SUBJECT ADDED ENTRY--TOPICAL TERM
Topical Term Management
942 ## - ADDED ENTRY ELEMENTS (KOHA)
Koha item type Books
Holdings
Lost status Damaged status Collection code Home library Current library Shelving location Date acquired Source of acquisition Cost, normal purchase price Full call number Accession Number Koha item type
    MANAGEMENT JRU Library JRU Library SHELF-70 G 17/06/2016 PURCHASE 375.00 658.3124 8027 Books